Land Valuation Department : Government of Bermuda (Record no. 120001)

MARC details
000 -LEADER
fixed length control field 00707cam a2200205 4500
001 - CONTROL NUMBER
control field WS116504
008 - FIXED-LENGTH DATA ELEMENTS--GENERAL INFORMATION
fixed length control field 020128n 000 0 eng u
035 ## - SYSTEM CONTROL NUMBER
System control number (Sirsi) u116504
245 ## - TITLE STATEMENT
Title Land Valuation Department : Government of Bermuda
520 ## - SUMMARY, ETC.
Summary, etc. Web site for this Bermuda government department including access to the 1999 valuation list, a glossary of terms and a table of tax payable.
650 ## - SUBJECT ADDED ENTRY--TOPICAL TERM
Topical term or geographic name entry element BERMUDA
650 ## - SUBJECT ADDED ENTRY--TOPICAL TERM
Topical term or geographic name entry element INTERNATIONAL
650 ## - SUBJECT ADDED ENTRY--TOPICAL TERM
Topical term or geographic name entry element GOVERNMENT
650 ## - SUBJECT ADDED ENTRY--TOPICAL TERM
Topical term or geographic name entry element VALUATION LIST
650 ## - SUBJECT ADDED ENTRY--TOPICAL TERM
Topical term or geographic name entry element TAXATION
650 ## - SUBJECT ADDED ENTRY--TOPICAL TERM
Topical term or geographic name entry element GLOSSARY
690 ## - LOCAL SUBJECT ADDED ENTRY--TOPICAL TERM (OCLC, RLIN)
Topical term or geographic name as entry element INTERNATIONAL-AMERICAS
856 40 - ELECTRONIC LOCATION AND ACCESS
Uniform Resource Identifier <a href="https://www.landvaluation.bm">https://www.landvaluation.bm</a>
Public note View the website free of charge at www.landvaluation.com...
942 ## - ADDED ENTRY ELEMENTS (KOHA)
Suppress in OPAC 0
Holdings
Withdrawn status Lost status Source of classification or shelving scheme Damaged status Not for loan Home library Current library Shelving location Date acquired Total Checkouts Full call number Barcode Date last seen Copy number Price effective from Koha item type
    Dewey Decimal Classification     Virtual Virtual Online 28/01/2002   WEB SITE 116504-2001 06/08/2019 1 06/08/2019 Online material